000 00560nam a22001937a 4500
999 _c60912
_d60912
005 20181031152729.0
020 _cRs 210.00
020 _c8174820191
035 _aB-131369,B-131345,B-131370
082 _a000
100 _aLal
245 _aUpkar's Sainik School entrance exam :
_bfor class IX /
_cby Lal, Khanna and Jain
260 _aAgra
_bUpkar Prakashan
_c2006
300 _avarious pages
_c24x18 cm
700 _aKhanna
_939201
700 _aJain
_939202
942 _2ddc
_cEN
_h000
_mLAL